01459nam a2200445 i 4500001000700000003000700007005001700014007000300031008004100034017001700075020003100092020002400123020002500147035003300172035002100205035002300226040001800249080001600267080000800283080001000291245003400301260004300335300003800378336002200416337003000438338002400468490003400492504001500526505004000541600003500581650003000616651001300646653001400659653001600673655001300689655004000702830005800742852010600800852010700906197533ES-GrU20250818075817.0ta910302s1988 sp fo 001 0 spa d aB 38255-1988 a8477820473 (Obra completa) a8477820481 (Tomo I) a847782049X (Tomo II) a(ES-GrU)b10254468-34cbua_ugr a(OCoLC)758011948 a991006875449704990 bspacES-MaACL a94(460).053 a008 a946.000aCarlos III y la Ilustración aMadrid :bMinisterio de Cultura,c1988 a2 v. (791 pág.) :bil. ;c24 cm 2rdacontentatexto 2rdamediaasin mediación 2rdacarrieravolumen1 aCarlos III y la ilustración ap. 769-7790 aT. I. Estudios -- T. II. Catálogo04aCarlos bIII,cRey de España 7aSiglo de las luces2EMBUS 4aEspaña 4a1759-1788 4aSiglo XVIII 0aHistoria 7aCatálogos de exposiciones2tgfbne 0aCarlos III y la Ilustración (Ministerio de Cultura) aES-MaACLcDEPO1jA-15616hDonación: Fernando Codina RodríguezpVol. IxEncuadernación rústica aES-MaACLcDEPO1jA-15617hDonación: Fernando Codina RodríguezpVol. IIxEncuadernación rústica